| 000 | 00939nam a22002777a 4500 | ||
|---|---|---|---|
| 001 | 1521 | ||
| 003 | CO-MdFUSB | ||
| 005 | 20190202100506.0 | ||
| 008 | 170420t1972 s ||||| |||| 00| 0 s d | ||
| 020 | _a399-1457-1 | ||
| 040 |
_aCO-MdFUSB _bspa _cCO-MdFUSB _dCO-MdFUSBC _erda |
||
| 041 | 0 | _aspa | |
| 082 | 0 | 4 | _aG 210 S2946e |
| 100 | 1 |
_aSchaeffer, Francis A. (August) _eautor |
|
| 245 | 3 |
_aEl está presente y no está callado _c / Francis A. Schaeffer |
|
| 264 | 4 |
_aBarcelona, España : _b Logoi, _c©1972 |
|
| 300 | _a108 Pag. | ||
| 336 |
_2rdacontent _a1 _ba1 |
||
| 337 |
_2rdamedia _a2 _b5 |
||
| 338 |
_2rdacarrier _a2 _b5 |
||
| 500 | _aTítulo original : He is there and He is not silent | ||
| 505 | 0 | 0 | _ala necesidad metafísica -- la necesidad moral -- la necesidad epistemológica: el problema -- la necesidad epistemológicas: la respuesta |
| 650 | 7 |
_aFilosofía y religión _2 _9198 |
|
| 650 | 7 |
_aEmpirismo _9197 |
|
| 942 | _cBK | ||
| 999 |
_c32841 _d32841 |
||